| 000 | 01447nam a2200373 c 4500 | ||
|---|---|---|---|
| 003 | BLK | ||
| 005 | 20250117132905.0 | ||
| 008 | 180411b bul|||||r ||||||| ||bul|| | ||
| 010 | _aKNG00212997000 | ||
| 020 | _a978-954-398-502-9 | ||
| 040 | _aBLK | ||
| 041 |
_aBUL _cBUL |
||
| 072 | 7 |
_2bullib _aН8301 _xТрилъри Н |
|
| 080 |
_aАмериканска литература (на САЩ) _b821.111(73) _x-312.4 _z821.111(73)-312.4 |
||
| 100 | 1 |
_aСпан, Сюзън _gАмерикански писател _eпърви автор _9122416 |
|
| 139 |
_aСпан, Сюзън _bС 55 |
||
| 245 | 1 | 0 |
_aЧашата на мъртвеца _cСюзън Спан; прев. от англ. Антония Стоянова. |
| 257 | _aUSA | ||
| 260 |
_bТруд _c2017 _fСофия : Симолини |
||
| 300 |
_a262 с. _c21 см |
||
| 380 | _aX | ||
| 490 |
_aРазследванията на шиноби _vКн. 3 |
||
| 500 | _aОриг. загл.: Flask of the drunken master / Susan Spann. - Речник на използваните яп. думи: с. 256-259 | ||
| 659 | _aН | ||
| 700 | 1 |
_aСтоянова, Антония Колева _eпрев. от англ. _9385724 |
|
| 852 | _aЦб 287437 | ||
| 856 | 4 | _qpdf | |
| 856 | 4 | _qpdf | |
| 942 |
_cKNG _n0 _020 |
||
| 944 |
_aCR _c10.10.2017 _k30560 _lГеновева Генчева |
||
| 944 |
_aED _c14.11.2017 _kГрета_Цуфелде |
||
| 999 |
_c203468 _d203468 |
||
| 999 | _d203468 | ||
| 999 | _d203468 | ||